|
|
|
|
| LEADER |
00000nam0a2200000 4500 |
| 001 |
121641 |
| 005 |
20231031125447.0 |
| 020 |
|
|
|a RU
|b 85-22365
|
| 035 |
|
|
|a (RuTPU)RU\TPU\book\131732
|
| 090 |
|
|
|a 121641
|
| 100 |
|
|
|a 20070918d1985 m y0rusy5003 ca
|
| 101 |
0 |
|
|a rus
|
| 102 |
|
|
|a RU
|
| 105 |
|
|
|a a z 000gy
|
| 200 |
1 |
|
|a Избранное
|e Стихотворения, песни, поэмы
|f А. Д. Дементьев
|
| 210 |
|
|
|a Москва
|c Художественная литература
|d 1985
|
| 215 |
|
|
|a 439 с.
|c 1 л. портр.
|d 21 см
|
| 610 |
1 |
|
|a советская литература
|
| 610 |
1 |
|
|a стихосложение
|
| 610 |
1 |
|
|a песни
|
| 610 |
1 |
|
|a поэмы
|
| 675 |
|
|
|a Р2
|z rus
|
| 700 |
|
1 |
|a Дементьев
|b А. Д.
|g Андрей Дмитриевич
|4 070
|
| 801 |
|
0 |
|a RU
|b RuMRKP
|c 19950704
|g psbo
|
| 801 |
|
1 |
|a RU
|b 63413507
|c 20070918
|g PSBO
|
| 801 |
|
2 |
|a RU
|b 63413507
|c 20070918
|g PSBO
|
| 942 |
|
|
|c BK
|